Normal view
MARC view
Entry Geographic Name
001 - CONTROL NUMBER
- control field: 22954
003 - CONTROL NUMBER IDENTIFIER
- control field: ARRUPE
005 - DATE AND TIME OF LATEST TRANSACTION
- control field: 20160315151555.0
008 - FIXED-LENGTH DATA ELEMENTS
- fixed length control field: 160315|| aca||aabn | a|a d
040 ## - CATALOGING SOURCE
- Original cataloging agency: ARRUPE
- Transcribing agency: ARRUPE
151 ## - HEADING--GEOGRAPHIC NAME
- Geographic name: France
- General subdivision: Intellectual life
- Chronological subdivision: 17th century.
670 ## - SOURCE DATA FOUND
- Source citation: Work cat.: (ARRUPE)0: O'Connell, Marvin Richard. 22951, Blaise Pascal :, c1997.